000
00261nam a2200109Ia 4500
008
200302s9999 xx 000 0 und d
100
_a
Barbara Mayer
245
_a
In the Arts & Crafts Style
260
_b
Chronicle Books Ltd.
260
_c
1993
300
_a
134 P.,
999
_c
1017
_d
1017